000 00689nam a22001937a 4500
005 20251108165458.0
008 250721s1994 xx 000 0 ara d
082 1 4 _aم/410/عسك
100 1 _aالعسكري، أبو أحمد الحسن بن عبد الله بن سعيد
245 1 0 _aكتاب أخبار المصحفين /
264 1 _aالقاهرة :
_bمكتبة القرآن للطبع و النشر و التوزيع،
_c1994.
300 _a47ص
490 0 _aمن ذخائر العرب
650 1 7 _aاللغة العربية
650 1 7 _aفقه اللغة
700 1 _aالسعدني، مسعد عبد الحميد
_eتحقيق
942 _2ddc
_cREF
999 _c28900
_d28900